[Event "Uruguayan-ch Final 2021"]
[Site "Montevideo"]
[Date "2021.11.24"]
[Round "3.2"]
[White "Granara Barreto, Sebastian"]
[Black "Ulaneo, Nicolas"]
[Result "0-1"]
[WhiteElo "2156"]
[BlackElo "2164"]
[Annotator "TA"]
[PlyCount "232"]
[EventDate "2021.11.22"]
[EventType "tourn"]
[EventCountry "URU"]
[SourceTitle "playchess.com"]
[Source "ChessBase"]
[SourceQuality "1"]

{[%evp 16,232,10,8,21,12,8,0,10,0,0,0,16,-12,-17,-11,0,-57,-39,-50,-58,-65,-68,-73,-60,-131,-135,-155,-94,-94,-33,-26,-32,-27,-37,-99,-101,-101,-79,-84,-85,-91,-65,-110,-108,-96,-26,-26,-26,-37,-13,-22,-27,-25,-15,-44,-46,-61,-59,-98,-91,-176,-78,-218,-216,-399,-408,-527,-118,-105,-20,-20,-20,-25,0,0,0,-8,-8,-8,-8,-8,-8,-27,-20,-18,-26,-37,-8,-8,-8,-8,-8,-60,-60,-62,-63,-63,-44,-46,-37,-44,-33,-44,-33,-46,-44,-40,-33,-33,0,-14,-14,-33,-33,-33,-14,-31,-8,-25,-14,-33,-33,-33,-33,-33,-33,-33,-33,-33,-33,-14,-8,-8,-8,-8,-8,-8,-8,-25,-27,-15,-8,-8,-8,-8,0,-8,0,0,0,-8,0,-8,-8,-8,-8,-8,-8,-8,-8,-8,-8,-8,-8,-8,-8,-8,-8,-8,-8,-8,-8,-8,-8,-77,-77,-77,-77,-79,-79,-79,-79,-79,-79,-79,-79,-79,-79,-79,-79,-79,-79,-79,-79,-79,-79,-79,-79,-81,-81,-86,-86,-86,-86,-86,-86,-86,-86,-86,-86,-86,-86,-29984,-29985,-29984,-86,-29989,-29990]} 1. d4 Nf6 2. c4 e6 3. Nf3 Bb4+ 4. Bd2 Qe7 5. g3 Bxd2+ 6. Nbxd2 d6 7. Bg2 O-O 8. O-O e5 9. e3 e4 {E11: Bogo-Indian.} 10. Ng5 {[%cal Rg5e4]} Bf5 11. Nh3 {[#]} Nbd7 $146 {The position is equal.} ({Predecessor:} 11... c6 12. Nf4 Bg4 13. Qe1 g5 14. Ne2 Na6 15. a3 Bf5 16. Rb1 Nc7 17. b4 d5 {0-1 (42) Juelg,G (2046)-Osmanodja,F (2282) Neustadt an der Weinstrasse 2020}) 12. Nf4 c6 13. h3 g5 14. Nh5 Nxh5 15. Qxh5 Bg6 16. Qe2 (16. Qh6 $11) 16... Rae8 17. Rae1 f5 18. f4 exf3 19. Bxf3 Qg7 20. Nb3 (20. Qf2 $15) 20... f4 $17 21. e4 Qh6 (21... fxg3 $142 22. Qe3 c5) 22. Qg2 fxg3 (22... Kh8 $17) 23. Qxg3 $15 Rf4 24. Bg2 Nf6 {[%cal Rf6e4,Bd7f6,Bf6h5,Bh5f4][%mdl 32]} 25. Nd2 (25. c5 $1 $15 Nxe4 26. Bxe4 Rexe4 27. cxd6 Rxe1 28. Rxe1) 25... Nh5 $17 26. Qe3 Rxf1+ 27. Rxf1 Nf4 28. Kh2 Qh4 29. e5 dxe5 30. dxe5 Rd8 $40 {[%mdl 128] Black mounts an attack.} (30... Bf5 $17 31. Ne4 Bxe4 32. Qxe4 Ng6) 31. Nf3 $11 Nxg2 32. Kxg2 Be4 33. Kh2 Qf4+ 34. Qxf4 gxf4 {[%mdl 4096] Endgame KRB-KRN} 35. Nh4 Rd2+ 36. Kg1 f3 37. Nxf3 Rxb2 38. Nh4 (38. Rf2 $17 {was necessary.} Rc2 39. Rxc2 Bxc2 40. Nd4) 38... Re2 ({Stronger than} 38... Rxa2 39. e6 $14) (38... Rb1 $19 {is more deadly.} 39. Rxb1 Bxb1) 39. Rd1 (39. a3 $17) 39... Kf7 $19 ({Don't play} 39... Rxa2 40. Rd4 $17) 40. Rd7+ $2 (40. Kf1 Rxa2 41. Rd4) 40... Ke6 {[%mdl 64] Double Attack} 41. Rxb7 Kxe5 $2 (41... Rxa2 $19 42. Rb8 Kxe5 43. Re8+ Kd4 44. Rd8+ Kxc4) 42. Rxa7 $17 Kf4 (42... Kd4 $17 {...c5 is the strong threat.} 43. Rf7 Kxc4) 43. Rf7+ $11 Kg3 44. Nf5+ Kxh3 45. Rxh7+ Kg4 46. Nd4 {And now Rg7+ would win.} Rxa2 47. Rf7 Rd2 48. Ne6 Bf5 49. Ng7 Bd7 50. Kf1 Kg5 {Threatens to win with ...Kg6.} 51. Rf8 $1 Kg6 52. Ne8 Bh3+ 53. Ke1 Rd8 {Hoping for ...Bd7.} 54. Rf6+ ({White should play} 54. Kf2 $11) 54... Kg5 $15 55. Rxc6 Rxe8+ {KRB-KR} 56. Kd2 Kf4 57. Kc3 Rb8 58. Rd6 Bf5 59. Kd4 Rb1 60. Kc5 Ke5 61. Rh6 $1 Be4 62. Rh5+ Ke6 63. Rh6+ Kd7 64. Rh4 (64. Rd6+ {is more complex.} Ke7 65. Rh6 Rb8 66. Rh4 Bg6 67. Kc6) 64... Bf5 65. Rh5 Bg6 66. Rd5+ Kc7 67. Rg5 Bf7 68. Rg7 Rf1 69. Rg4 Rf5+ 70. Kb4 Kc6 71. Rh4 Be6 72. Re4 Bd7 73. Rh4 Kb6 74. Rh6+ Bc6 75. Rh4 Rf1 76. Rh6 Rf4 (76... Kc7 {is more complex.} 77. Rh7+ Kd8 78. Rh4 Bd7 79. Rh8+ Kc7) 77. Kc3 Kc5 78. Rh5+ Kd6 79. Rh6+ Kd7 80. Rh7+ Kd6 81. Rh6+ Kc5 82. Rh5+ Kb6 83. Rh6 Rf1 84. Kb4 Rb1+ (84... Kb7 {is interesting.} 85. Rh7+ Ka6 86. Rh4 Re1 87. Rh6 Kb6) 85. Kc3 Kc7 86. Kd4 Bd7 87. Kc5 Re1 (87... Bf5 {seems wilder.} 88. Kd4 Rg1 89. Kc5 Bg6 90. Rh4 Rg3) 88. Rh4 Bf5 89. Rf4 Be6 90. Rh4 Re5+ 91. Kb4 Kd6 92. Rd4+ Kc6 93. Rh4 Re1 94. Kc3 Kd6 95. Kd2 (95. Kb4 $1 $11) 95... Re5 $17 96. Kc3 Kc5 97. Rf4 Re3+ 98. Kd2 Rg3 ({Of course not} 98... Bxc4 $6 99. Kxe3 Bd5 100. Kd3 $11) (98... Ra3 {looks sharper.} 99. Ke1 Bxc4 100. Kf2 Bd5 101. Rg4 Rf3+) 99. Rh4 Bxc4 100. Rh5+ Bd5 101. Rh4 Bf7 (101... Be6 {feels hotter.} 102. Rh5+ Kd4 103. Rh4+ Ke5 104. Rh7 Ra3) 102. Rf4 Bg6 103. Rh4 Kd5 (103... Rd3+ {keeps more tension.} 104. Kc1 Rf3 105. Kd2 Kd5 106. Rh8 Be4) 104. Ra4 Bd3 105. Ra8 Bc4 106. Rd8+ Ke4 107. Re8+ Kd4 108. Rh8 Rg2+ 109. Ke1 Bd5 110. Rh3 Be4 111. Kf1 Rb2 112. Ke1 Bd3 113. Rh4+ Kc3 {( -> ...Re2+)} 114. Rh8 $2 {[%mdl 8192]} (114. Rh3 $17) 114... Re2+ 115. Kd1 {[#]} Rf2 $2 (115... Re3 $1 {mates} 116. Rh1 Be4 117. Rf1 Bd5 118. Rg1 Bf3+ 119. Kc1 Re4 120. Rf1 Bg2 121. Rg1 {[#]} Re8 $1 122. Kb1 Be4+ 123. Kc1 Bd3 124. Kd1 Bc2+ 125. Kc1 Rb8 126. Rg3+ Bd3 127. Rxd3+ Kxd3 128. Kd1 Rb1#) 116. Rh1 $2 {[%mdl 8192]} (116. Rc8+ $17 Bc4 117. Re8) 116... Ra2 {[%cal Ra2a1] Weighted Error Value: White=0.21/Black=0.28} 0-1

[Event "Uruguayan-ch Final 2021"]
[Site "Montevideo"]
[Date "2021.11.24"]
[Round "3.3"]
[White "Carbone, Diego"]
[Black "Hoffman, Alejandro"]
[Result "1-0"]
[WhiteElo "2236"]
[BlackElo "2440"]
[Annotator "TA"]
[PlyCount "57"]
[EventDate "2021.11.22"]
[EventType "tourn"]
[EventCountry "URU"]
[SourceTitle "playchess.com"]
[Source "ChessBase"]
[SourceQuality "1"]

{[%evp 17,57,28,22,18,30,32,26,28,39,37,41,46,118,103,113,98,98,91,92,92,94,94,106,60,83,64,62,65,217,215,243,237,375,383,356,402,434,445,451,451,433,439]} 1. d4 Nf6 2. c4 e6 3. g3 Bb4+ 4. Bd2 a5 5. Bg2 d5 6. Qc2 O-O 7. Nf3 Be7 8. O-O c6 9. Bf4 Nbd7 10. Rd1 {E08: Closed Catalan: Main Line: 7 Qc2.} Nh5 11. Bc1 Nhf6 12. Nbd2 {[%cal Bb1d2,Bd2f1,Bf1h2][%mdl 32] White has an edge.} b5 13. c5 b4 14. e4 {[#]} Ba6 $146 {[#]} (14... Nxe4 $14 15. Nxe4 dxe4) ({Predecessor:} 14... dxe4 15. Nxe4 Nd5 16. Ne5 Nxe5 17. dxe5 Qc7 18. Nd6 Ba6 19. Bd2 f6 20. Be4 fxe5 21. Bxh7+ Kh8 22. Bg6 Bxd6 23. cxd6 Qxd6 {1-0 (41) Gelfand,B (2676)-Zhang,A (2077) Chess.com INT 2020}) 15. e5 $1 $16 {[%cal Re5f6]} Ne8 16. Re1 Nc7 17. Nf1 a4 18. h4 Qb8 19. Bg5 Re8 20. Qd2 Bf8 21. N1h2 b3 22. a3 f6 $2 {[#] This move loses the game for Black.} ({Black should try} 22... h6 $14) 23. exf6 $1 $18 gxf6 24. Bf4 e5 (24... Bg7 $142 25. Ng4 Qd8) 25. dxe5 Ne6 26. exf6 Nxf4 27. Rxe8 {[%mdl 64] Overworked Piece. White is clearly winning.} Qxe8 28. Qxf4 Qg6 29. Ng4 {Weighted Error Value: White=0.05/Black=0.30} 1-0

[Event "Uruguayan-ch Final 2021"]
[Site "Montevideo"]
[Date "2021.11.24"]
[Round "3.4"]
[White "Coppola, Claudio"]
[Black "Roselli Mailhe, Bernardo"]
[Result "0-1"]
[WhiteElo "2248"]
[BlackElo "2428"]
[Annotator "TA"]
[PlyCount "54"]
[EventDate "2021.11.22"]
[EventType "tourn"]
[EventCountry "URU"]
[SourceTitle "playchess.com"]
[Source "ChessBase"]
[SourceQuality "1"]

{[%evp 19,54,15,4,-4,-8,-16,4,0,-9,-17,8,4,8,-229,-224,-227,-206,-470,-468,-495,-479,-460,-430,-747,-710,-1245,-1237,-1159,-1107,-29983,-29983,-29981,-29981,-29993,-29994,-29994,-29995]} 1. d4 Nf6 2. c4 c5 3. Nf3 cxd4 4. Nxd4 e5 5. Nb5 d5 6. cxd5 Bc5 7. e3 O-O 8. N5c3 e4 9. Be2 Qe7 10. Nd2 Rd8 11. Qc2 {[%cal Rc3e4] A31: Symmetrical English: 2 Nf3 Nf6 3 d4.} Bf5 12. g4 Bg6 13. h4 {[#] Black must now prevent h5.The position is equal.} h6 {[#]} 14. g5 $146 ({Predecessor:} 14. a3 Nxd5 15. Nxd5 Rxd5 16. b4 Bd4 17. Bb2 Bf6 18. h5 Bh7 19. O-O-O Nc6 20. Nc4 {1-0 (50) Jaster,R (2254)-Lampe,J (2157) Germany 2005}) 14... hxg5 15. hxg5 Nxd5 16. Ncxe4 $2 (16. Nxd5 $11 {and White has nothing to worry.} Rxd5 17. Bh5) 16... Bb4 $19 17. Rh4 Nd7 {[%cal Bb8d7,Bd7c5,Bc5e4][%mdl 32]} 18. a3 $2 {[#]} (18. Kf1) 18... Rac8 $1 19. Qb1 (19. Qa4 N7b6) 19... Bxd2+ 20. Bxd2 Nc5 21. f3 (21. Bf3 $142 Nb3 22. Qd1 Nxa1 23. Qxa1) 21... Nxe4 22. fxe4 Qxg5 23. Rg4 Qh6 24. Rxg6 Qh4+ {Black mates.} 25. Kf1 fxg6 26. Qe1 Qh1+ 27. Kf2 Qh2+ {White did not feel at home in the position after the opening.  Weighted Error Value: White=1.42/Black=0.03} 0-1

[Event "Uruguayan-ch Final 2021"]
[Site "Montevideo"]
[Date "2021.11.24"]
[Round "3.5"]
[White "Diaz Hollemaert, Nahuel"]
[Black "Vazquez, Facundo"]
[Result "0-1"]
[WhiteElo "2441"]
[BlackElo "2163"]
[Annotator "TA"]
[PlyCount "108"]
[EventDate "2021.11.22"]
[EventType "tourn"]
[EventCountry "URU"]
[SourceTitle "playchess.com"]
[Source "ChessBase"]
[SourceQuality "1"]

{[%evp 11,108,0,10,-8,0,-12,4,1,13,-3,0,-4,0,-12,-16,-27,-26,-35,-27,-16,-12,-10,-17,-15,-13,-52,-17,-57,-45,-67,-57,-64,-45,-85,-31,-38,-8,-13,-12,-17,0,0,11,9,10,14,7,0,0,0,0,0,0,0,0,0,0,0,0,0,0,0,0,0,0,0,0,0,0,0,0,-4,-4,-4,-4,-4,-4,-11,-16,-18,-11,-341,-337,-362,-358,-29966,-29966,-12821,-9691,-6299,-5187,-29977,-29978,-29978,-29979,-29979,-29980,-29980,-29981]} 1. c4 {Mekhitarian,K} e5 2. Nc3 Nf6 3. Nf3 Nc6 4. e3 Bb4 5. Qc2 Bxc3 6. bxc3 O-O 7. d3 {A28: English Opening: Four Knights Variation.} d6 8. Be2 Re8 {[#]} 9. Nd2 $146 {The position is equal.} ({Predecessor:} 9. e4 Ne7 10. Nh4 Ng6 11. Nxg6 hxg6 12. O-O c6 13. f4 b5 14. cxb5 cxb5 15. h3 {1-0 (40) Aronian,L (2799)-Matlakov,M (2728) Tbilisi 2017 CBM 181 [Mekhitarian,K]}) 9... Ne7 {[%cal Bc6e7,Be7g6,Bg6f4][%mdl 32]} 10. e4 Ng6 11. Nf1 c6 12. Ng3 d5 13. cxd5 cxd5 14. Bg5 Nf4 15. O-O h6 16. Bxf6 Qxf6 17. exd5 Nxd5 18. Rab1 Bd7 19. Bf3 Bc6 20. Rfe1 Nf4 21. Re3 Rac8 22. Be4 h5 (22... Red8 $17) 23. Ne2 $15 Re6 (23... b6 {is more complex.} 24. c4 Rcd8 25. Rd1 g6 26. h3 Re6) 24. Bxc6 Rexc6 25. c4 ({Don't go for} 25. Rxb7 $2 {[#]} Rxc3 $1 26. Nxc3 Qc6 $19) 25... Rb6 (25... Qg6 {looks sharper.} 26. Nxf4 exf4 27. Re4 b5 28. Rbe1 bxc4 29. dxc4 Rxc4 30. Qxc4 Rxc4 31. Rxc4 Qf5) 26. Re1 Ng6 (26... g6 {keeps more tension.} 27. h3 Rd8 28. c5 Rb4 29. a3 Nxe2+ 30. R3xe2 Rbd4) 27. Nc3 Qd8 28. Qd1 {Threatens to win with Nd5.} Rd6 29. Ne4 Rd4 30. Qxh5 Nf4 31. Qf5 {And now Ng5 would win.} ({Much worse is} 31. Qxe5 Nxd3 32. Rxd3 Rxd3 $17) 31... Qd7 32. Qxe5 Nxd3 33. Rxd3 Rxd3 34. Nc5 Rxc5 35. Qxc5 $11 {[%mdl 4096] Endgame KQR-KQR} Rd1 {[%cal Rd1e1]} 36. Qe3 Qa4 37. g3 Rxe1+ 38. Qxe1 Qxc4 {KQ-KQ} 39. Qe7 Qd5 40. a3 a5 41. Qc7 (41. Qe8+ {feels hotter.} Kh7 42. a4 g5 43. Qe2 Kg6 44. h4) 41... g6 42. h4 a4 43. Qe7 b5 44. Kh2 Kg7 {Hoping for ...Qd4.} 45. Qb4 Kh7 46. g4 $2 {[%mdl 8192] This costs White the game.} (46. Qf8 $11 {and White stays safe.}) 46... Qc4 $19 {aiming for ...Qxb4.} 47. Qb2 Qxg4 48. Qxb5 $2 {[#]} (48. Qf6 $19 Kg8 49. f3) 48... Qxh4+ 49. Kg2 Qg4+ 50. Kf1 Qh3+ {[%mdl 64] Double Attack} 51. Ke2 Qh5+ {Black mates.} 52. Qxh5+ gxh5 53. Kf3 Kg6 54. Kf4 Kf6 {Weighted Error Value: White=0.47/Black=0.04} 0-1

[Event "Uruguayan-ch Final 2021"]
[Site "Montevideo"]
[Date "2021.11.24"]
[Round "3.6"]
[White "Michailov, Matias"]
[Black "Larrea, Manuel"]
[Result "1/2-1/2"]
[WhiteElo "2262"]
[BlackElo "2222"]
[Annotator "TA"]
[PlyCount "34"]
[EventDate "2021.11.22"]
[EventType "tourn"]
[EventCountry "URU"]
[SourceTitle "playchess.com"]
[Source "ChessBase"]
[SourceQuality "1"]

{[%evp 15,34,12,18,-14,-11,-54,-52,-66,-34,-16,-11,-18,-8,-21,-21,-20,-6,-5,-29,-36,-37]} 1. d4 Nf6 2. c4 e6 3. Nf3 d5 4. g3 Be7 5. Bg2 O-O 6. O-O dxc4 7. Qc2 a6 8. a4 c5 9. Rd1 {E05: Open Catalan: 5 Nf3 Be7.} Nc6 {[%cal Rc5d4]} 10. e3 cxd4 11. exd4 Nb4 12. Qxc4 b5 13. Qe2 Bb7 14. Nc3 {[#]} bxa4 $146 ({Predecessor:} 14... Nbd5 15. Nxd5 Qxd5 16. Be3 Rfc8 {½-½ (16) De la Rocha Prieto,R-Barez Menendez,H (2340) Madrid 1994}) 15. Bg5 $1 h6 16. Bxf6 Bxf6 17. Rxa4 Qb6 {Weighted Error Value: White=0.10/Black=0.07} 1/2-1/2

[Event "Uruguayan-ch Final 2021"]
[Site "Montevideo"]
[Date "2021.11.25"]
[Round "4.1"]
[White "Rodi, Luis Ernesto"]
[Black "Larrea, Manuel"]
[Result "1-0"]
[WhiteElo "2358"]
[BlackElo "2222"]
[Annotator "TA"]
[PlyCount "43"]
[EventDate "2021.11.22"]
[EventType "tourn"]
[EventCountry "URU"]
[SourceTitle "playchess.com"]
[Source "ChessBase"]
[SourceQuality "1"]

{[%evp 16,43,16,0,0,-10,0,0,0,-10,-12,-13,-8,-16,18,-16,-23,-66,-56,-56,-41,-42,-41,-55,-12,-22,36,43,442,447]} 1. e4 c5 2. Nf3 Nc6 3. d4 cxd4 4. Nxd4 Nf6 5. Nc3 e5 6. Ndb5 d6 7. Nd5 Nxd5 8. exd5 Nb8 9. Qf3 a6 {B33: Sicilian: Pelikan and Sveshnikov Variations.} 10. Qa3 Be7 11. Bg5 f6 {The position is equal.} 12. Bd2 O-O 13. Bb4 {[%cal Rb4d6]} Qd7 14. Bd3 f5 (14... b6 $5 {[%cal Rc8b7]} 15. O-O (15. Nxd6 a5 $17) 15... g6 $11) 15. O-O b6 $1 {[%cal Bb7b6,Bb6b5][%mdl 32]} 16. Bd2 Bb7 17. Nc3 Qc7 {[#]} 18. f3 $146 ({Predecessor:} 18. Rfe1 Nd7 19. f4 e4 20. Bf1 b5 21. Be3 Bf6 22. Rad1 Rac8 23. Rd2 Nb6 24. Kh1 {1-0 (63) Hill,A (2132)-Jones,S (2025) Crawley 2013}) 18... Nd7 19. Be3 b5 20. Qb4 Nb6 ({Black should play} 20... Nc5 $11) 21. a4 $14 Nxd5 $2 {[%mdl 8192] [#]} ({Better is} 21... Nxa4 $14 22. Nxa4 bxa4) 22. Qb3 $1 {Weighted Error Value: White=0.10/Black=0.60} 1-0

[Event "Uruguayan-ch Final 2021"]
[Site "Montevideo"]
[Date "2021.11.25"]
[Round "4.2"]
[White "Vazquez, Facundo"]
[Black "Michailov, Matias"]
[Result "1-0"]
[WhiteElo "2163"]
[BlackElo "2262"]
[Annotator "TA"]
[PlyCount "77"]
[EventDate "2021.11.22"]
[EventType "tourn"]
[EventCountry "URU"]
[SourceTitle "playchess.com"]
[Source "ChessBase"]
[SourceQuality "1"]

{[%evp 12,77,14,11,11,10,31,17,20,42,87,90,98,68,92,11,21,3,55,52,75,63,86,66,66,38,70,54,112,89,95,72,59,64,71,34,38,32,64,55,62,65,62,53,60,60,61,54,60,52,75,75,84,109,135,0,79,72,76,78,281,274,274,273,723,667,1717,1684]} 1. d4 Nf6 2. c4 e6 3. a3 d5 4. Nc3 c5 5. cxd5 Nxd5 6. e4 Nxc3 7. bxc3 Nc6 {[%cal Rc5d4] D35: Queen's Gambit Declined: Exchange Variation.} 8. Nf3 Be7 9. d5 {[#]} exd5 $146 {The position is equal.} ({Predecessor:} 9... Na5 10. Bb5+ Bd7 11. Qa4 Bxb5 12. Qxb5+ Kf8 13. dxe6 fxe6 14. O-O a6 15. Qe2 h6 {1-0 (35) Korobov,A (2688)-Stoyanov,T (2387) Chess.com INT 2020}) 10. exd5 Nb8 11. Bb5+ Bd7 12. Bxd7+ (12. Bd3 {feels hotter.} O-O 13. O-O c4 14. Bxc4 Bg4 15. h3) 12... Nxd7 {[#]} 13. c4 (13. d6 $1 $16) 13... O-O $11 14. O-O Bf6 (14... b5 $11) 15. Rb1 $14 Nb6 16. Qc2 Qd7 17. Be3 Rac8 18. h3 Rfe8 19. Rfd1 Qd6 (19... g6 $14) 20. a4 $16 Rc7 21. Re1 {aiming for Bf4!} Rce7 22. Bd2 Rxe1+ 23. Rxe1 (23. Nxe1 {is more complex.} Re7 24. Nf3 Nc8 25. Be3 Qc7 26. Rb5) 23... Rxe1+ 24. Nxe1 Nd7 25. Nf3 Ne5 26. Nxe5 Qxe5 27. Be3 b6 28. g3 g6 29. Kg2 h5 30. h4 Qe8 31. a5 Bd4 32. axb6 axb6 33. Bf4 (33. Bxd4 $16 cxd4 34. Qb1) 33... Kf8 (33... b5 $11) 34. Qd3 Qd7 35. Qe4 Kg7 $2 {[#] Loses the game.} (35... Kg8 $16 {keeps fighting.}) 36. Be5+ $1 $18 Bxe5 37. Qxe5+ f6 $2 (37... Kh7 38. Qf6 b5) 38. Qb8 Qg4 39. Qb7+ {Weighted Error Value: White=0.14/Black=0.32} 1-0

[Event "Uruguayan-ch Final 2021"]
[Site "Montevideo"]
[Date "2021.11.25"]
[Round "4.3"]
[White "Roselli Mailhe, Bernardo"]
[Black "Diaz Hollemaert, Nahuel"]
[Result "0-1"]
[WhiteElo "2428"]
[BlackElo "2441"]
[Annotator "TA"]
[PlyCount "81"]
[EventDate "2021.11.22"]
[EventType "tourn"]
[EventCountry "URU"]
[SourceTitle "playchess.com"]
[Source "ChessBase"]
[SourceQuality "1"]

{[%evp 11,81,27,30,-6,14,8,12,11,16,15,27,26,27,34,42,14,37,28,13,0,-8,-37,-29,-37,-19,-81,-83,-79,-90,-168,-157,-235,-173,-236,-195,-197,-155,-172,-144,-218,-249,-268,-265,-319,-281,-312,-137,-231,-237,-247,-231,-331,-275,-449,-190,-175,-180,-192,-184,-170,-162,-429,-246,-245,-239,-418,-406,-662,-678,-652,-658,-1043]} 1. d4 Nf6 2. c4 e6 3. Nf3 b6 4. g3 Ba6 5. b3 c6 6. Bg2 d5 7. Ne5 {E15: Queen's Indian: 4 g3 sidelines, 4 g3 Ba6 and 4 g3 Bb7 early deviations.} Nfd7 8. Nxd7 Nxd7 9. O-O {The position is equal.} Rc8 10. Nd2 Be7 11. Bb2 O-O 12. e4 {[#]} dxc4 $146 ({Predecessor:} 12... Nf6 13. Re1 Bb4 14. e5 Nd7 15. Rc1 h6 16. a3 Be7 17. b4 Rc7 18. b5 cxb5 19. cxd5 Rxc1 20. Bxc1 exd5 21. Bxd5 {0-1 (52) Gledura,B (2789)-Sebastian (2957) Chess.com INT 2020}) 13. bxc4 e5 14. dxe5 Nc5 15. Qc2 Qd3 16. Rac1 Rcd8 17. Bc3 Rfe8 18. Qd1 (18. Rfe1 $11) 18... Bxc4 $17 {Black keeps a firm grip on the game.} 19. Nxc4 Qxc4 20. Qg4 (20. Qc2 $17) 20... Qxa2 $19 21. Rcd1 (21. e6 $17 Nxe6 22. e5) 21... Qc4 22. Ba1 (22. Rc1 {keeps fighting.}) 22... Qe6 23. Qe2 Nb3 24. Bc3 a5 25. f4 (25. Bf3 $17 {was necessary.}) 25... Bc5+ 26. Kh1 Bd4 27. Qb2 {[%cal Rc3d4]} c5 28. f5 {[#]} Qxe5 (28... Qc4 $1 $19 29. Bxd4 Rxd4) 29. Bxd4 (29. Qxb3 $17 {was called for.} Bxc3 30. Rxd8 Rxd8 31. Qxb6) 29... Nxd4 30. Qxb6 a4 {[%cal Ba5a4,Ba4a3][%mdl 32]} 31. Rc1 (31. Qb2 $142) 31... Nb3 32. Rcd1 {[#]} (32. Rc2) 32... Rb8 (32... Rxd1 $142 33. Rxd1 c4) 33. Qa6 Ra8 34. Qc4 Nd4 35. Ra1 a3 36. Rfc1 $2 (36. Qd3) 36... Ra5 (36... Reb8 $142 {aiming for ...Nb3.} 37. Rf1 h6) 37. Ra2 Nc6 38. Rc3 $2 (38. Rca1) 38... Rea8 39. Qb3 (39. Rc1 $142) 39... Rb8 40. Qc4 Rb1+ 41. Bf1 {Weighted Error Value: White=0.48/Black=0.27} 0-1

[Event "Uruguayan-ch Final 2021"]
[Site "Montevideo"]
[Date "2021.11.25"]
[Round "4.4"]
[White "Hoffman, Alejandro"]
[Black "Coppola, Claudio"]
[Result "1-0"]
[WhiteElo "2440"]
[BlackElo "2248"]
[Annotator "TA"]
[PlyCount "63"]
[EventDate "2021.11.22"]
[EventType "tourn"]
[EventCountry "URU"]
[SourceTitle "playchess.com"]
[Source "ChessBase"]
[SourceQuality "1"]

{[%evp 9,63,66,58,61,79,90,145,127,160,163,202,170,176,151,124,128,311,314,263,261,396,408,406,389,386,356,638,632,535,389,585,531,525,559,579,541,806,439,980,944,1248,1220,1375,1020,2030,1110,1179,1206,1102,1156,1097,1030,795,876,29991,29992]} 1. d4 Nf6 2. Nf3 c5 3. d5 b5 4. Bg5 Ne4 5. Bh4 Bb7 6. a4 {A43: Schmid Benoni.} Qa5+ 7. Nbd2 {[#] axb5 is the strong threat.} Nxd2 (7... bxa4 $142 8. c3 Nxd2 9. Qxd2 (9. Nxd2 Bxd5 10. e4 Bc6 $11) 9... d6) 8. Nxd2 $16 {White is clearly better.} bxa4 9. e4 {[#]} e6 $146 ({Predecessor:} 9... d6 10. c3 Nd7 11. Rxa4 Qc7 12. f4 g6 13. Qa1 Bh6 14. Bg3 O-O 15. Bd3 Nb6 {½-½ (43) Hercog,N (2031)-Kuhar,L (1930) Radenci 2019}) 10. Bc4 Bd6 11. O-O O-O 12. c3 Na6 $2 {A mistake that costs the game.} (12... Re8 $16 {might work better.}) 13. Rxa4 $18 Qb6 14. Bd3 Rfe8 (14... exd5 {was worth a try.} 15. exd5 g6) 15. Nc4 Qc7 16. e5 Bf8 17. d6 ({Weaker is} 17. Qh5 g6 $14) 17... Qc8 (17... Qc6 18. f3 Nb8) 18. Na5 Bd5 19. c4 Bc6 (19... Bb7 $142 20. Nxb7 Qxb7) 20. Ra3 g6 21. Nxc6 Qxc6 22. Qg4 Rab8 23. Rfa1 Rb6 (23... Nb4 $142 24. Be4 Qb6) 24. Be4 Qc8 25. Bf6 Bg7 26. Qf4 Nb8 27. Bxg7 Kxg7 28. Rh3 {[#] White threatens Qh6+ and mate.} Rh8 29. Qf6+ Kg8 30. Rf3 {[%csl Gf3][%cal Rf6f7]} Qe8 31. Rxa7 Rxb2 32. Rc7 {Weighted Error Value: White=0.48/Black=1.04} 1-0

[Event "Uruguayan-ch Final 2021"]
[Site "Montevideo"]
[Date "2021.11.25"]
[Round "4.5"]
[White "Ulaneo, Nicolas"]
[Black "Carbone, Diego"]
[Result "1/2-1/2"]
[WhiteElo "2164"]
[BlackElo "2236"]
[Annotator "TA"]
[PlyCount "101"]
[EventDate "2021.11.22"]
[EventType "tourn"]
[EventCountry "URU"]
[SourceTitle "playchess.com"]
[Source "ChessBase"]
[SourceQuality "1"]

{[%evp 18,101,14,0,12,-6,6,-34,16,18,18,-15,-11,-44,-23,-28,-32,-36,-27,-17,0,0,0,0,3,0,2,3,3,0,8,0,0,0,0,0,0,0,0,0,0,0,0,0,0,0,0,0,0,0,0,0,0,0,0,0,0,0,0,0,0,0,0,0,0,0,0,0,0,0,0,0,0,0,0,0,0,0,0,0,0,0,0,0,0,0]} 1. e4 e5 2. Nc3 Nf6 3. g3 d5 4. exd5 Nxd5 5. Bg2 Nxc3 6. bxc3 Nc6 7. Nf3 Bc5 8. O-O O-O 9. d3 Bb6 10. Re1 Qf6 {C47: Scotch Four Knights and Four Knights with 4 g3.} 11. Bg5 Qd6 {[#]} 12. d4 $146 {[%cal Rf3e5]} ({Predecessor:} 12. Nd2 Qg6 13. Be3 Ba5 14. c4 b6 15. Rb1 Bg4 16. f3 Bd7 17. Rf1 Rae8 18. Nb3 {0-1 (47) Lu,S (2562)-Najer,E (2626) China 2013}) 12... f6 {Black is slightly better.} 13. Be3 Bg4 {Hoping for ...e4.} 14. Qd3 (14. h3 $5 {[%cal Rh3g4]} Bxf3 15. Qxf3 $11) 14... Rad8 15. Rad1 Rfe8 {[#] Strongly threatening ...e4.} 16. Qc4+ Qe6 17. Qxe6+ Bxe6 18. dxe5 Bxe3 {The position is equal.} (18... Rxd1 {is more complex.} 19. Rxd1 fxe5 20. Bxb6 axb6 21. Re1 Bxa2 22. Nd4 Rd8) 19. Rxd8 Rxd8 20. exf6 gxf6 21. fxe3 Bxa2 22. Nd4 Bd5 23. Nxc6 bxc6 24. Ra1 Bxg2 25. Kxg2 $11 {[%mdl 4096] Endgame KR-KR} Rd2+ 26. Kh3 Rxc2 27. Rxa7 Rxc3 28. Rxc7 Rc4 29. Kg2 Rc2+ 30. Kf3 c5 31. h4 c4 32. Kg4 Re2 33. Kf3 Rc2 34. Kg4 Re2 35. Kf3 Rc2 36. Ke4 Rg2 37. Kf4 Rf2+ 38. Ke4 Rg2 39. Rxc4 (39. Rc8+ {seems wilder.} Kg7 40. Kf3 Rc2 41. g4 c3 42. Rc7+) 39... Rxg3 40. Rc7 Rh3 41. Kf5 Rf3+ 42. Ke6 (42. Ke4 {keeps more tension.} Rh3) 42... Rxe3+ 43. Kxf6 {[#] White wants to mate with Rc8+.} Rf3+ 44. Kg5 Rg3+ (44... Rf1 {is interesting.} 45. Rc5 Rd1 46. Kh6 Rd6+ 47. Kg5 Rg6+) 45. Kf4 Rh3 46. Kg4 Rh1 47. h5 Rg1+ 48. Kf5 h6 49. Kf6 Rg5 50. Rc8+ Kh7 51. Rc7+ {Weighted Error Value: White=0.04/Black=0.03} 1/2-1/2